Cities by Vowels - Statistics

General Stats
  • This quiz has been taken 15 times
  • The average score is 5 of 10
Answer Stats
Vowels Answer % Correct
oyo Tokyo
100%
io e aeio Rio de Janeiro
93%
ai Paris
73%
oo Oslo
60%
e o New York
40%
eii Beijing
33%
e Perth
33%
aeoa Barcelona
27%
eoia Pretoria
27%
aua Auckland
7%
No matching quizzes found
Score Distribution
Percent of People with Each Score
Percentile by Number Answered
Your Score History
You have not taken this quiz